书目信息 |
| 题名: |
挑灯看剑
|
|
| 作者: | 周其仁 著 | |
| 分册: | ||
| 出版信息: | 北京 北京大学出版社 2006.01 |
|
| 页数: | 255页 | |
| 开本: | 21cm | |
| 丛书名: | ||
| 单 册: | ||
| 中图分类: | F0-53 | |
| 科图分类: | ||
| 主题词: | 经济学--jing ji xue--文集 | |
| 电子资源: | ||
| ISBN: | 7-301-10245-3 | |
| 000 | 00951nam0 2200229 450 | |
| 001 | 012007248457 | |
| 005 | 20070926153439.92 | |
| 010 | @a7-301-10245-3@dCNY22.00 | |
| 100 | @a20070724d2006 km y0chiy0120 ea | |
| 101 | 0 | @achi |
| 102 | @aCN@b110000 | |
| 105 | @ay z 000yy | |
| 200 | 1 | @a挑灯看剑@Atiao deng kan jian@e观察经济大时代@e= Observing the great economic era@f周其仁著@Fzhou qi ren zhu@zeng |
| 210 | @a北京@c北京大学出版社@d2006.01 | |
| 215 | @a255页@d21cm | |
| 330 | @a本书收录了著名经济学家周其仁教授近一年来发表在《经济观察报》、英国《金融时报》等报纸上的专栏文章以及出席多项会议的发言稿,内容涉及电信、教育、土地制度改革以及企业改制、税收与政府管制和宏观经济发展等多个方面,同时包括反击郎咸平、纪念杨小凯教授等多篇评论。 | |
| 517 | 1 | @a观察经济大时代@Aguan cha jing ji da shi dai |
| 606 | 0 | @a经济学@Ajing ji xue@j文集 |
| 690 | @aF0-53@v4 | |
| 701 | 0 | @a周其仁@Azhou qi ren@4著 |
| 801 | 0 | @aCN@c20070926 |
| 905 | @dF0-53@eZ785 | |
| 挑灯看剑:观察经济大时代:= Observing the great economic era/周其仁著.-北京:北京大学出版社,2006.01 |
| 255页;21cm |
| ISBN 7-301-10245-3:CNY22.00 |
| 本书收录了著名经济学家周其仁教授近一年来发表在《经济观察报》、英国《金融时报》等报纸上的专栏文章以及出席多项会议的发言稿,内容涉及电信、教育、土地制度改革以及企业改制、税收与政府管制和宏观经济发展等多个方面,同时包括反击郎咸平、纪念杨小凯教授等多篇评论。 |
| ● |
| 相关链接 |
|
|
|
正题名:挑灯看剑
索取号:F0-53/Z785
 
预约/预借
| 序号 | 登录号 | 条形码 | 馆藏地/架位号 | 状态 | 备注 |
| 1 | 246964 | 202469649 | 社科库409/409社科库 62排2列1层/ [索取号:F0-53/Z785] | 在馆 | |
| 2 | 246965 | 202469658 | 社科库409/ [索取号:F0-53/Z785] | 在馆 |